| 000 | 00902nam a22002295i 4500 | ||
|---|---|---|---|
| 001 | 152993 | ||
| 003 | ES-MaACL | ||
| 005 | 20230906204952.0 | ||
| 008 | 040930q18981900xxuace |||| | eng d | ||
| 040 |
_aCAM _bspa _cCAM |
||
| 100 | 1 |
_aCaryl, Charles W. _9126364 |
|
| 245 | 1 | 0 |
_aNew era _b: presenting the plans for the New Era Union to help develop and utilize the best resources of this Country... |
| 260 |
_aDenver : _bOffice 204 California Building, _c[s.a.] |
||
| 300 |
_a192 p., [1] h. fot., [2] h. plan. plegs. ; _c23 cm. |
||
| 594 | _aAutor tomado del cop. en el v. port. | ||
| 596 | _aEn el texto consta 1898. | ||
| 599 | _aLa fot., retrato del autor. | ||
| 650 | 4 |
_aUrbanismo- _zEstados Unidos de América. _9221966 |
|
| 752 |
_aEstados Unidos de América - _bColorado - _cDenver |
||
| 852 |
_aES-MaACL _jG-11482 _z-- Enc. tela con el tít. en hierros dorados |
||
| 999 |
_c152993 _d152993 |
||